<?xml version="1.0" encoding="UTF-8"?>
<record
    xmlns:xsi="http://www.w3.org/2001/XMLSchema-instance"
    xsi:schemaLocation="http://www.loc.gov/MARC21/slim http://www.loc.gov/standards/marcxml/schema/MARC21slim.xsd"
    xmlns="http://www.loc.gov/MARC21/slim">

  <leader>02865nam a22003257a 4500</leader>
  <controlfield tag="001">320</controlfield>
  <controlfield tag="003">OSt</controlfield>
  <controlfield tag="005">20250528074017.0</controlfield>
  <controlfield tag="008">250326b        |||||||e |||| 00| f eng d</controlfield>
  <datafield tag="040" ind1=" " ind2=" ">
    <subfield code="b">por</subfield>
  </datafield>
  <datafield tag="041" ind1=" " ind2=" ">
    <subfield code="h">eng</subfield>
    <subfield code="a">por</subfield>
  </datafield>
  <datafield tag="082" ind1=" " ind2=" ">
    <subfield code="a">823</subfield>
    <subfield code="b">L419a</subfield>
  </datafield>
  <datafield tag="100" ind1="1" ind2=" ">
    <subfield code="a">Lawrence, D. H.</subfield>
    <subfield code="d">1885-1930</subfield>
    <subfield code="c"> / David Herbert Lawrence</subfield>
    <subfield code="9">642</subfield>
  </datafield>
  <datafield tag="240" ind1=" " ind2=" ">
    <subfield code="a">Lady Chatterley&#xB4;s lover</subfield>
  </datafield>
  <datafield tag="245" ind1=" " ind2=" ">
    <subfield code="a">O amante de Lady Chatterley /</subfield>
    <subfield code="c">Lawrence, D. H ; Tradu&#xE7;&#xE3;o de Rodrigo Richter</subfield>
  </datafield>
  <datafield tag="260" ind1=" " ind2=" ">
    <subfield code="a">S&#xE3;o Paulo </subfield>
    <subfield code="b">Abril</subfield>
    <subfield code="c">1972</subfield>
  </datafield>
  <datafield tag="300" ind1=" " ind2=" ">
    <subfield code="a">345 p.</subfield>
  </datafield>
  <datafield tag="490" ind1="1" ind2=" ">
    <subfield code="a">Os Imortais da Literatura Universal</subfield>
  </datafield>
  <datafield tag="520" ind1=" " ind2=" ">
    <subfield code="a">Pelo papel que conferiu &#xE0; paix&#xE3;o amorosa, &#xE0;s vezes em meticulosas descri&#xE7;&#xF5;es do amor f&#xED;sico, o brit&#xE2;nico D. H. Lawrence causou pol&#xEA;mica em sua &#xE9;poca, por&#xE9;m mais tarde passou a ser visto como um dos maiores renovadores da prosa de fic&#xE7;&#xE3;o no s&#xE9;culo XX. Em 1928, radicado em Floren&#xE7;a, Lawrence publicou seu mais c&#xE9;lebre romance, O Amante de Lady Chatterley, que conheceu sucessivas proibi&#xE7;&#xF5;es e cujo texto integral s&#xF3; veio a p&#xFA;blico em 1959, em Nova York. A obra recria as rela&#xE7;&#xF5;es entre uma aristocr&#xE1;tica inglesa, seu marido (paral&#xED;tico em consequ&#xEA;ncia da guerra) e seu guarda florestal: ao mesmo tempo em que defende a liberdade sexual, ataca frontalmente as conven&#xE7;&#xF5;es sociais. O romance desenvolve o tema do conflito entre a imperiosa exig&#xEA;ncia do sexo e a serenidade do amor.

Poucos meses depois de seu casamento, Constance Chatterley, uma garota criada numa fam&#xED;lia burguesa e liberal, v&#xEA; seu marido partir rumo &#xE0; guerra. O homem que ela recebe de volta est&#xE1; paralisado da cintura para baixo, e eles se recolhem na vasta propriedade rural dos Chatterley. Inteiramente devotado &#xE0; sua carreira liter&#xE1;ria e depois aos neg&#xF3;cios da fam&#xED;lia, Clifford vai aos poucos se distanciando da mulher. Isolada, Constance encontra companhia no guarda-ca&#xE7;as Oliver Mellors, um ex-soldado que resolveu viver no isolamento ap&#xF3;s sucessivos fracassos amorosos. &#xDA;ltimo romance do autor, O amante de lady Chatterley foi banido em seu lan&#xE7;amento, em 1928, e s&#xF3; ganhou sua primeira edi&#xE7;&#xE3;o oficial na Inglaterra em 1960, quando a editora Penguin enfrentou um processo de obscenidade para defender o livro. &#xC0;quela altura, j&#xE1; n&#xE3;o espantava mais os leitores o uso de "palavras inapropriadas" e as descri&#xE7;&#xF5;es vivas e detalhadas dos encontros sexuais de Constance Chatterley e Oliver Mellors. O que sobressa&#xED;a era a for&#xE7;a liter&#xE1;ria de Lawrence e a capacidade de capturar uma sociedade em transi&#xE7;&#xE3;o.</subfield>
  </datafield>
  <datafield tag="650" ind1=" " ind2="0">
    <subfield code="a">Literatura Inglesa</subfield>
    <subfield code="9">89</subfield>
  </datafield>
  <datafield tag="650" ind1=" " ind2="0">
    <subfield code="a">Amante</subfield>
    <subfield code="9">643</subfield>
  </datafield>
  <datafield tag="650" ind1=" " ind2="0">
    <subfield code="a">Amor e Paix&#xE3;o</subfield>
    <subfield code="9">25</subfield>
  </datafield>
  <datafield tag="650" ind1=" " ind2="0">
    <subfield code="a">Trai&#xE7;&#xE3;o</subfield>
    <subfield code="9">644</subfield>
  </datafield>
  <datafield tag="650" ind1=" " ind2="0">
    <subfield code="a">Cl&#xE1;ssicos</subfield>
    <subfield code="9">77</subfield>
  </datafield>
  <datafield tag="655" ind1=" " ind2="0">
    <subfield code="a">Romance</subfield>
    <subfield code="9">23</subfield>
  </datafield>
  <datafield tag="655" ind1=" " ind2="0">
    <subfield code="a">Fic&#xE7;&#xE3;o </subfield>
    <subfield code="9">22</subfield>
  </datafield>
  <datafield tag="700" ind1=" " ind2=" ">
    <subfield code="a">Rodrigo Richter</subfield>
    <subfield code="e">TRADUTOR</subfield>
    <subfield code="9">645</subfield>
  </datafield>
  <datafield tag="830" ind1=" " ind2=" ">
    <subfield code="a">Os Imortais da Literatura Universal</subfield>
    <subfield code="9">461</subfield>
    <subfield code="v">vol. 33</subfield>
  </datafield>
  <datafield tag="942" ind1=" " ind2=" ">
    <subfield code="2">ddc</subfield>
    <subfield code="n">0</subfield>
    <subfield code="c">BK</subfield>
  </datafield>
  <datafield tag="952" ind1=" " ind2=" ">
    <subfield code="0">0</subfield>
    <subfield code="1">0</subfield>
    <subfield code="2">ddc</subfield>
    <subfield code="4">0</subfield>
    <subfield code="7">0</subfield>
    <subfield code="8">FIC</subfield>
    <subfield code="a">BIBIB</subfield>
    <subfield code="b">BIBIB</subfield>
    <subfield code="c">LE</subfield>
    <subfield code="d">2025-03-26</subfield>
    <subfield code="e">doa&#xE7;&#xE3;o</subfield>
    <subfield code="l">0</subfield>
    <subfield code="o">823 /  L419a</subfield>
    <subfield code="p">2025-17273</subfield>
    <subfield code="r">2025-03-26 09:53:32</subfield>
    <subfield code="w">2025-03-26</subfield>
    <subfield code="y">BK</subfield>
  </datafield>
  <datafield tag="999" ind1=" " ind2=" ">
    <subfield code="c">320</subfield>
    <subfield code="d">320</subfield>
  </datafield>
</record>
